| Tag |
First Indicator |
Second Indicator |
Subfields |
| LEADER |
00000cam a2200000 4500 |
| 001 |
in00000053253 |
| 005 |
20151007070152.0 |
| 008 |
750312s1958 nyu b 00000 engmu |
| 010 |
|
|
|a 58003246
|
| 035 |
|
|
|a (OCoLC)01213301
|
| 035 |
|
|
|9 AAE3473AM
|
| 040 |
|
|
|c ORL
|d TXA
|d UtOrBLW
|
| 049 |
|
|
|a TXAM
|c [298531]
|
| 050 |
|
0 |
|a QE508
|b .B6 1958a
|
| 082 |
0 |
|
|a 550.1
|
| 092 |
|
|
|a 550.1
|b B786e
|
| 100 |
1 |
|
|a Bowen, Robert.
|
| 245 |
1 |
4 |
|a The exploration of time.
|
| 264 |
|
1 |
|a New York :
|b Philosophical Library,
|c [1958]
|
| 300 |
|
|
|a 143p :
|b illustrations ;
|c 23cm.
|
| 336 |
|
|
|a text
|b txt
|2 rdacontent
|
| 337 |
|
|
|a unmediated
|b n
|2 rdamedia
|
| 338 |
|
|
|a volume
|b nc
|2 rdacarrier
|
| 504 |
|
|
|a Includes bibliography.
|
| 650 |
|
0 |
|a Geological time.
|
| 999 |
|
|
|a MARS
|
| 999 |
f |
f |
|s 5561b7b5-5f65-3a89-a06e-c634a40459e6
|i 8070e659-9e1c-3f6f-8074-b8093e0210a9
|t 0
|
| 952 |
f |
f |
|p ric
|a Texas A&M University
|b Rellis Campus
|c Joint Library Facility
|d Remote Storage
|t 0
|e QE508 .B6 1958a
|h Library of Congress classification
|i unmediated -- volume
|m A14809742185
|
| 998 |
f |
f |
|a QE508 .B6 1958a
|t 0
|l Remote Storage
|